Historia cultural y educación : (Record no. 118972)

MARC details
000 -LEADER
fixed length control field 00908cac a2200241 4500
008 - FIXED-LENGTH DATA ELEMENTS--GENERAL INFORMATION
fixed length control field 040204t20032003sp 000 0 spa u
020 ## - INTERNATIONAL STANDARD BOOK NUMBER
International Standard Book Number 8487682448
050 00 - LIBRARY OF CONGRESS CALL NUMBER
Classification number LA9
Item number H57 2003
245 10 - TITLE STATEMENT
Title Historia cultural y educación :
Remainder of title ensayos críticos sobre conocimiento y escolarización /
Statement of responsibility, etc Thomas S. Popkewitz, Barry M. Franklin, Miguel A. Peryra, comp.
260 ## - PUBLICATION, DISTRIBUTION, ETC. (IMPRINT)
Place of publication, distribution, etc Barcelona :
Name of publisher, distributor, etc Pomares,
Date of publication, distribution, etc 2003
300 ## - PHYSICAL DESCRIPTION
Extent 416 p. ;
Dimensions 23 cm
440 #0 - SERIES STATEMENT/ADDED ENTRY--TITLE
Title Colección educación y conocimiento
500 ## - GENERAL NOTE
General note Rec. prop. esc.
504 ## - BIBLIOGRAPHY, ETC. NOTE
Bibliography, etc Bibliografía : p. 392-400
504 ## - BIBLIOGRAPHY, ETC. NOTE
Bibliography, etc Incluye indices
650 10 - SUBJECT ADDED ENTRY--TOPICAL TERM
Topical term or geographic name as entry element Educación
General subdivision Historiografía
650 20 - SUBJECT ADDED ENTRY--TOPICAL TERM
Topical term or geographic name as entry element Cultura
General subdivision Historiografía
650 30 - SUBJECT ADDED ENTRY--TOPICAL TERM
Topical term or geographic name as entry element Educación
General subdivision Investigación
-- Metodología
-- Aspectos sociales
-- Estudios interculturales
700 1# - ADDED ENTRY--PERSONAL NAME
Personal name Popkewitz, Thomas S., comp.
700 1# - ADDED ENTRY--PERSONAL NAME
Personal name Franklin, Barry M., comp.
942 ## - ADDED ENTRY ELEMENTS (KOHA)
Source of classification or shelving scheme Biblioteca del Cogreso de los Estados Unidos
Koha item type Libro
Holdings
Estado de pérdida Fuente de clasificación Estado del daño No para préstamo Ubicación permanente Ubicación actual Apartado o colección Fecha de adquisición Edición Dependencia de educación superior (DES) Área del conocimiento Clasificación Código de Barras Date last seen Número de copia Tipo de recurso
  Biblioteca del Cogreso de los Estados Unidos     Biblioteca de la Facultad de Filosofía Biblioteca de la Facultad de Filosofía General 08/08/2016 1a. ed. Humanidades Educación y Humanidades LA9 H57 2003 BFF000017251 08/08/2016 C:1 Libro